Demonstrating waste minimisation benefits in construction (Record no. 102029)
[ view plain ]
| 000 -LEADER | |
|---|---|
| fixed length control field | 01046cam a2200277 4500 |
| 008 - FIXED-LENGTH DATA ELEMENTS--GENERAL INFORMATION | |
| fixed length control field | 020419n2001 000 0 eng u |
| 020 ## - INTERNATIONAL STANDARD BOOK NUMBER | |
| International Standard Book Number | 0860175367 |
| 035 ## - SYSTEM CONTROL NUMBER | |
| System control number | (Sirsi) u117586 |
| 041 ## - LANGUAGE CODE | |
| Language code of text/sound track or separate title | eng. |
| 050 ## - LIBRARY OF CONGRESS CALL NUMBER | |
| Classification number | 690 COV |
| 100 ## - MAIN ENTRY--PERSONAL NAME | |
| Personal name | Coventry, S. |
| 245 ## - TITLE STATEMENT | |
| Title | Demonstrating waste minimisation benefits in construction |
| 260 ## - PUBLICATION, DISTRIBUTION, ETC. | |
| Place of publication, distribution, etc. | London |
| Name of publisher, distributor, etc. | CIRIA |
| Date of publication, distribution, etc. | 2001 |
| 300 ## - PHYSICAL DESCRIPTION | |
| Extent | 58p |
| Dimensions | 30cm. |
| 490 ## - SERIES STATEMENT | |
| Series statement | CIRIA Publication |
| Volume/sequential designation | C536 |
| 520 ## - SUMMARY, ETC. | |
| Summary, etc. | This report aims to demonstrate the practical principles of waste reduction, reuse and recycling in the construction industry. It demonstrates the benefits achieved in ten demonstration projects by the implementation of various initiatives. Emphasises that waste minimisation can save money as well as having environmental benefits. |
| 650 ## - SUBJECT ADDED ENTRY--TOPICAL TERM | |
| Topical term or geographic name entry element | WASTE MANAGEMENT |
| 650 ## - SUBJECT ADDED ENTRY--TOPICAL TERM | |
| Topical term or geographic name entry element | WASTE MINIMISATION |
| 650 ## - SUBJECT ADDED ENTRY--TOPICAL TERM | |
| Topical term or geographic name entry element | ENVIRONMENTAL BENEFITS |
| 650 ## - SUBJECT ADDED ENTRY--TOPICAL TERM | |
| Topical term or geographic name entry element | COST SAVINGS |
| 650 ## - SUBJECT ADDED ENTRY--TOPICAL TERM | |
| Topical term or geographic name entry element | GOOD PRACTICE |
| 690 ## - LOCAL SUBJECT ADDED ENTRY--TOPICAL TERM (OCLC, RLIN) | |
| Topical term or geographic name as entry element | BUILT ENVIRONMENT |
| 700 ## - ADDED ENTRY--PERSONAL NAME | |
| Personal name | Shorter, B. |
| 700 ## - ADDED ENTRY--PERSONAL NAME | |
| Personal name | Kingsley, M. |
| 942 ## - ADDED ENTRY ELEMENTS (KOHA) | |
| Suppress in OPAC | 0 |
| Withdrawn status | Lost status | Source of classification or shelving scheme | Damaged status | Not for loan | Home library | Current library | Shelving location | Date acquired | Total Checkouts | Full call number | Barcode | Date last seen | Date last checked out | Copy number | Price effective from | Koha item type |
|---|---|---|---|---|---|---|---|---|---|---|---|---|---|---|---|---|
| Dewey Decimal Classification | London | London | Folio | 19/04/2002 | 7 | F690 COV | 30065693 | 06/08/2019 | 25/03/2009 | 1 | 06/08/2019 | Book |